1231 1293 1959 1787 1435 1815 1980 1518 1119 1084 1803 1847 1387 1479 1733 1448 1050 1754 1616 1365 1582 1424 1770 1111 1226 1063 1847 1253 1835 1931 1941 1532 1120 1001 1826 1788 1546 1970 1153 1204 1276 1409 1178 1356 1395 1580 1666 1328 1397 1523 1695 1631 1522 1557 1681 1054 1029 1080 1125 1220 1724 1857 1913 1176 1513 1533 1009 1450 1764 1206 1769 1403 1725 1005 1921 1371 1026 1034 1412 1248 1910 1133 1945 1451 1590 1154 1919 1157 1040 1494 1388 1606 1092 1353 1853 1429 1384 1682 1145 BCNSPRNW ULIB Ver.6.0+V

เปลี่ยนเป็นภาษาไทย

Change to English
 แสดงรายละเอียดบรรณานุกรม
  กลับหน้าหลัก

Brief Record : Get Marc (ISO 2709) : E-mail record : QR code < ปิดหน้าต่าง
LEADER : 00000nam 2200000uu 4500
001    13399113518
003     ULIB
008    110824s2552||||th 000 0 tha d
020    9786165200158
090    นว.^bน716ม 2552
100 0  นีรนารา
245 00 มนต์พฤกษามายาแห่งรัก/^cนีรนารา
250    พิมพ์ครั้งที่ 1
260    กรุงเทพฯ :^b1168พับลิชชิ่ง,^c2552
300    351 หน้า
710 1  1168พับลิชชิ่ง
945    ^p215^l0^i026747
995    ทศพร
999     ^aใช้งานได้ทุกระบบ
รายการนี้ยังไม่มีแท็ก
คุณยังไม่ได้ล็อกอิน คุณสามารถมีกิจกรรมร่วมกับเว็บไซต์ได้ แต่ต้องล็อกอินก่อน ::
  ล็อกอิน

รายการสื่อสารสนเทศ

ลำดับที่ ประเภท เลขเรียก/บาร์โค้ด สถานที่ สถานะ
1. นวนิยาย
นวนิยาย
นว. น716ม 2552 ฉ.1 
  Barcode: 026747
ห้องสมุดวิทยาเขตสวรรค์ประชารักษ์
►นวนิยาย
บนชั้น
  ขอยืม

BibComment


ยังไม่เคยถูกคอมเมนท์

คอมเมนท์ทรัพยากรรายการนี้
  คอมเมนท์: มนต์พฤกษามายาแห่ง..


 Copyright 2026. Bcnsprnw @Library